000 00626nam a2200181 a 4500
008 120416s1962 ||||||||||||||||| || u
050 _aHF 5500 Bel
100 _aOdiorne, George S
245 1 0 _aExecutive skills
246 _atheir dynamics and development
260 _aEnglewood Cliffs, N.J.
_bPrentice Hall
_c1962
300 _aviii, 344p. : ill.
350 _a0.00
650 0 _aMANAGEMENT
650 _aEXECUTIVE SKILLS
700 _aBellows, Roger Marion
995 _D0.00
_FCBU-MAIN LIBRARY (Kitwe)
_H1
_I0.00
_M1
_UAVAILABLE
_ZMain Library Open Access Collection
999 _c42844
_d42844